| 000 | 00000nas##2200000za#4500 |
| 001 | 9.513540 |
| 003 | CaOODSP |
| 005 | 20250611103504 |
| 007 | ta |
| 008 | 150406c2004||||xxc|| p #||||f| |0fre|d |
| 022 | |a1713-1197 |
| 040 | |aCaOODSP|bfre |
| 043 | |an-cn--- |
| 086 | 1 |aA27-28F |
| 110 | 1 |aCanada. |bAgriculture et agroalimentaire Canada. |
| 245 | 10|aManitoba connexion REN / |c[Publié par l'Équipe rural de Manitoba et le Partenariat rural canadien]. |
| 246 | 1 |iTitre alternatif : |aManitoba connexion rural, éloignée, du Nord |
| 260 | |aVancouver - Colombie Britannique : |bAgriculture et Agroalimentaire Canada |
| 310 | |aIrrégulier |
| 362 | 1 |aHiver 2004--hiver 2006 |
| 500 | |aSuivi de l'édition bilingue (A27-28). |
| 563 | |aJournal |
| 775 | 08|tManitoba RRN connection / |w(CaOODSP)9.515209 |
| 776 | 0#|tManitoba connexion REN : |w(CaOODSP)9.501574 |